David Adjaye Houses : (Record no. 10826)

MARC details
000 -LEADER
fixed length control field 00891nam a22002537a 4500
003 - CONTROL NUMBER IDENTIFIER
control field EG-ScBUE
005 - DATE AND TIME OF LATEST TRANSACTION
control field 20221213103106.0
008 - FIXED-LENGTH DATA ELEMENTS--GENERAL INFORMATION
fixed length control field 090212s2006 enkabc f b 000 0deng d
020 ## - INTERNATIONAL STANDARD BOOK NUMBER
International Standard Book Number 0500286310
020 ## - INTERNATIONAL STANDARD BOOK NUMBER
International Standard Book Number 9780500286319
040 ## - CATALOGING SOURCE
Original cataloging agency EG-ScBUE
Language of cataloging eng
Description conventions rda
Transcribing agency EG-ScBUE
Modifying agency EG-ScBUE
043 ## - GEOGRAPHIC AREA CODE
Geographic area code e-uk-en
082 04 - DEWEY DECIMAL CLASSIFICATION NUMBER
Edition number 22
Classification number 728.02860942
Item number DAV
245 00 - TITLE STATEMENT
Title David Adjaye Houses :
Remainder of title recycling reconfiguringre building /
Statement of responsibility, etc edited by Peter Allison.
264 #1 - PUBLICATION, DISTRIBUTION, ETC. (IMPRINT)
Place of publication, distribution, etc London :
Name of publisher, distributor, etc Thames & Hudson,
Date of publication, distribution, etc 2006.
300 ## - PHYSICAL DESCRIPTION
Extent 256 pages :
Other physical details illustrations (chiefly color), maps, portraits ;
Dimensions 25 cm
504 ## - BIBLIOGRAPHY, ETC. NOTE
Bibliography, etc Includes bibliographical references.
600 17 - SUBJECT ADDED ENTRY--PERSONAL NAME
Personal name Adjaye, David,
Dates associated with a name 1966-
General subdivision Criticism and interpretation.
Source of heading or term BUEsh
650 #7 - SUBJECT ADDED ENTRY--TOPICAL TERM
Topical term or geographic name as entry element Architecture, Domestic
Geographic subdivision England
-- London.
Source of heading or term BUEsh
653 ## - INDEX TERM--UNCONTROLLED
Resource For college Engineering, Architecture
655 ## - INDEX TERM--GENRE/FORM
Form subdivision Reading book
700 1# - ADDED ENTRY--PERSONAL NAME
Personal name Allison, Peter,‏
Dates associated with a name 1944-
Relator term editor.
942 ## - ADDED ENTRY ELEMENTS (KOHA)
Source of classification or shelving scheme Dewey Decimal Classification
Koha item type Book - Borrowing
Holdings
Withdrawn status Lost status Source of classification or shelving scheme Damaged status Not for loan Collection code Home library Current library Shelving location Date acquired Source of acquisition Cost, normal purchase price Serial Enumeration / chronology Total Checkouts Full call number Barcode Date last seen Price effective from Koha item type
    Dewey Decimal Classification     Alahram Central Library Central Library Second Floor 12/02/2009   235.70 6462   728.02860942 DAV 000014800 15/07/2025 12/02/2009 Book - Borrowing